LIBRARY & INFORMATION CENTRE, KCAET, TAVANUR

ONLINE PUBLIC ACCESS CATALOGUE (OPAC)

Second course of mechanics and properties of matter / (Record no. 8501)

MARC details
000 -LEADER
fixed length control field 00419cam a2200157ua 4500
041 ## - LANGUAGE CODE
Language code of text/sound track or separate title eng
082 ## - DEWEY DECIMAL CLASSIFICATION NUMBER
Classification number 531
Item number MCK/SE
100 ## - MAIN ENTRY--AUTHOR NAME
Personal name Mckenzie, AEE .
245 ## - TITLE STATEMENT
Title Second course of mechanics and properties of matter /
250 ## - EDITION STATEMENT
Edition statement 2 /
260 ## - PUBLICATION, DISTRIBUTION, ETC. (IMPRINT)
Place of publication Cambridge :
Name of publisher Cambridge University Press ,
Year of publication 1960.
300 ## - PHYSICAL DESCRIPTION
Number of Pages 238 ; .
942 ## - ADDED ENTRY ELEMENTS (KOHA)
Koha item type Books
Holdings
Withdrawn status Lost status Damaged status Home library Current library Date acquired Full call number Accession Number Koha item type
      KAUAET KAUAET 07/04/2012 531 MCK/SE 3919 Books
free website counter